00385nam a2200145 i 450000100060000000300090000600500170001500700030003200800410003510000150007624500520009125000110014326000620015485200230021666121ES-MaACL20230906165540.0t|040127s1918 fr ||||1| fre d1 aGabrys, J.10aCarte ethnographique de l'Europe / cJ. Gabrys. a1e ed. aParis : bLibrairie Génerale de Nationalités, c1918. aES-MaACLj1582-F-3